Bundesparteiobleute der ÖVP - Statistiken

Allgemein
  • Dieses Quiz wurde 20 mal gespielt
  • Das Durchschnittsergebnis liegt bei 8 aus 18
Antwortstatistiken
Bildquiz Antwort % Korrekt
Karl Nehammer
100%
Sebastian Kurz
100%
Leopold Figl
77%
Reinhold Mitterlehner
77%
Wolfgang Schüssel
77%
Josef Pröll
54%
Michael Spindelegger
54%
Josef Klaus
46%
Julius Raab
46%
Wilhelm Molterer
46%
Alfons Gorbach
38%
Alois Mock
38%
Erhard Busek
38%
Josef Taus
23%
Josef Riegler
15%
Leopold Kunschak
15%
Hermann Withalm
0%
Karl Schleinzer
0%
Keine übereinstimmenden Quizze gefunden
Verteilung der Resultate
Anzahl Personen mit jedem Resultat
Perzentil nach korrekt beantworteten Fragen
Ihre Resultats-Entwicklung
Sie haben dieses Quiz noch nicht gespielt